000 00560nam a22001937a 4500
005 20260415114600.0
008 260415b |||||||| |||| 00| 0 eng d
020 _a9789388178723
040 _cAL
041 _aEnglish
082 _a621.3813
_bKRIM
100 _aV Krishnamurthi
_9261620
245 _aMicrowave Engineering
260 _aNew Delhi
_bCBS Publishers and distributors Pvt Ltd
_c2019
300 _a511 p.
_bPB
_c24x17 cm.
365 _aVBI-2645
_b₹326.25
_c
_d₹435.00
_e25%
_f20-02-2026
650 _aMicrowaves
_9261621
942 _2ddc
_cBK
999 _c241243
_d241243